• 首页
  • 本馆介绍
  • 公告通知
  • 最新文献
  • 馆藏检索
  • 电子资源
  • 读者导购
  • 参考咨询
  • 我的图书馆
  • 登录
  • 详细信息显示
  • 放入我的书架
  • 预约/预借图书
  • 作者相关作品
  • 分类相关作品
  • 丛书相关作品
  • 出版社相关作品

书目信息

  • 表格格式
  • 工作单格式
  • 卡片格式
题名:
守口如瓶的人
    
 
作者: 鲍尔斯 著 ;黄祖勰 , 张益庭 , 梅平 译
分册:  
出版信息: 天津   群众出版社  1985
页数: 429页
开本: 19cm
丛书名:
单 册:
中图分类: D771.236
科图分类:
主题词: 情报活动 , 美国对外政策--现代 , 美国对外政策 , 政治--概况--美国 , 政治
电子资源:
ISBN: 3067.215
000 01087nam0 2200349 450
001 0185002025
005 20100712221048.0
010    @a3067.215@dCNY2.40
091    @a3067.215
100    @a19900823d1985 emky0chiy0110 ea
101 1  @achi@ceng
102    @aCN@b120000
105    @ay z 000yd
106    @ar
200 1  @a守口如瓶的人@9Shou Kou Ru Ping De;Di Ren @e理查德·赫尔姆斯和美国中央情报局@f(美)鲍尔斯著@g黄祖勰等译
210    @a天津@c群众出版社@d1985
215    @a429页@d19cm
517 1  @a理查德·赫尔姆斯和美国中央情报局@9li cha de · he er mu si he mei guo zhong yang qing bao ju
601 0  @a中央情报局@c(美国)@x情报活动
601 0  @2CT@3S096714@a中央情报局@c(美国)
606 0  @a情报活动
606 0  @a美国对外政策@z现代
606 0  @a美国对外政策
606 0  @a政治@x概况@y美国
606 0  @a政治
690    @aD771.236@v3
701  1 @a鲍尔斯@9bao er si@4著
702  0 @a黄祖勰@9huang zu xie@4译
702  0 @a张益庭@9zhang yi ting@4译
702  0 @a梅平@9mei ping@4译
801  0 @aCN@bAzMarc@c20130904
905    @aBZT@dD771.23@e1@f1@sD771.23/1
    
    守口如瓶的人:理查德·赫尔姆斯和美国中央情报局/(美)鲍尔斯著/黄祖勰等译.-天津:群众出版社,1985
    429页;19cm
    
    
    ISBN 3067.215:CNY2.40
    
●
相关链接 在五车中查询图书 在当当中查询图书 在豆瓣中查询图书


正题名:守口如瓶的人     索取号:D771.23/1         预约/预借

序号 登录号 条形码 馆藏地/架位号 状态 备注
1 2000125655   2000125655   旧书回溯/ [索取号:D771.23/1] 在馆    
山东省滨州职业学院图书馆 欢迎您!
大连网信软件有限公司© 版权所有